[Event "Internet Section 18-A"]
[Site "Dos Hermanas"]
[Date "2003.03.18"]
[Round "7"]
[White "Izoria, Zviad"]
[Black "Ciruk, Jerzy"]
[Result "1-0"]
[WhiteElo "2565"]
[BlackElo "2240"]
[PlyCount "123"]
[EventDate "2003.03.18"]
[EventType "swiss (blitz)"]
[EventRounds "9"]
[EventCountry "ESP"]
[SourceTitle "EXT 2004"]
[Source "ChessBase"]
[SourceDate "2003.11.25"]
[SourceVersion "1"]
[SourceVersionDate "2003.11.25"]
[SourceQuality "1"]

1. d4 Nf6 2. c4 g6 3. Nf3 Bg7 4. Nc3 0-0 5. e4 d6 6. Be2 e5 7. 0-0 Nc6 8. d5 Ne7 9. b4 Ne8 10. c5 h6 11. a4 f5 12. Ba3 Rf6 13. Nd2 Bf8 14. a5 g5 15. Nc4 Ng6 16. exf5 Bxf5 17. Bg4 Qd7 18. Bxf5 Qxf5 19. g3 a6 20. c6 bxc6 21. dxc6 Qh3 22. Nd5 Rf7 23. Nce3 h5 24. Qd3 Nh4 25. gxh4 gxh4 26. Qe4 Bh6 27. Kh1 Ng7 28. Qg2 Qe6 29. Rg1 Raf8 30. Raf1 Rf3 31. Bc1 Kh7 32. Nxc7 Qf7 33. b5 h3 34. Qg6+ Qxg6 35. Rxg6 Kxg6 36. bxa6 R3f7 37. Ned5 Bxc1 38. Rxc1 Rxf2 39. Rg1+ Kh7 40. a7 Rd2 41. a8Q Rff2 42. Rxg7+ Kxg7 43. Ne6+ Kf7 44. Ng5+ Kg6 45. Qg8+ Kf5 46. Ne3+ Kf4 47. Nxh3+ Kxe3 48. Nxf2 Rxf2 49. Qg1 Ke2 50. Qxf2+ Kxf2 51. c7 e4 52. c8Q e3 53. Qf5+ Ke1 54. Qxh5 e2 55. Kg2 d5 56. a6 d4 57. a7 d3 58. a8Q d2 59. Qa1+ d1Q 60. Qxd1+ exd1Q 61. Qxd1+ Kxd1 62. h4 1-0

[Event "Internet Section 18-A"]
[Site "Dos Hermanas"]
[Date "2003.03.18"]
[Round "4"]
[White "Strikovic, Aleksa"]
[Black "Ciruk, Jerzy"]
[Result "1-0"]
[WhiteElo "2467"]
[BlackElo "2240"]
[PlyCount "97"]
[EventDate "2003.03.18"]
[EventType "swiss (blitz)"]
[EventRounds "9"]
[EventCountry "ESP"]
[SourceTitle "EXT 2004"]
[Source "ChessBase"]
[SourceDate "2003.11.25"]
[SourceVersion "1"]
[SourceVersionDate "2003.11.25"]
[SourceQuality "1"]

1. e4 e5 2. Nf3 Nc6 3. d4 exd4 4. Nxd4 Bc5 5. Be3 Qf6 6. c3 Nge7 7. Nc2 b6 8. Be2 0-0 9. 0-0 Qg6 10. Nd2 Bxe3 11. Nxe3 d6 12. f4 f5 13. Bf3 Bd7 14. Qe2 Kh8 15. Rae1 Rae8 16. Bh5 Qf6 17. Bxe8 Rxe8 18. Qf3 fxe4 19. Nxe4 Qf7 20. Ng5 Qg6 21. Nd5 Nxd5 22. Qxd5 h6 23. Nf3 Rf8 24. Qe4 Qf7 25. Nh4 Kg8 26. c4 Re8 27. Qg6 Rxe1 28. Qxf7+ Kxf7 29. Rxe1 Be6 30. b3 Nd4 31. Kf2 c5 32. Nf3 Nc6 33. Rd1 Ke7 34. Rd2 a6 35. h3 b5 36. cxb5 axb5 37. g4 Nb4 38. Nh4 d5 39. a3 Nc6 40. Nf5+ Bxf5 41. gxf5 Kd6 42. Kf3 Nd4+ 43. Rxd4 cxd4 44. Ke2 Ke7 45. Kd3 Kf6 46. a4 bxa4 47. bxa4 Kxf5 48. a5 Kxf4 49. a6 1-0

[Event "Internet Section 15-A"]
[Site "Dos Hermanas"]
[Date "2003.03.15"]
[Round "3"]
[White "Ciruk, Jerzy"]
[Black "Balogh, Csaba"]
[Result "1/2-1/2"]
[WhiteElo "2240"]
[BlackElo "2448"]
[PlyCount "98"]
[EventDate "2003.03.15"]
[EventType "swiss (blitz)"]
[EventRounds "9"]
[EventCountry "ESP"]
[SourceTitle "EXT 2004"]
[Source "ChessBase"]
[SourceDate "2003.11.25"]
[SourceVersion "1"]
[SourceVersionDate "2003.11.25"]
[SourceQuality "1"]

1. e4 c5 2. Nc3 Nc6 3. g3 g6 4. Bg2 Bg7 5. d3 d6 6. f4 e5 7. Nf3 Nge7 8. 0-0 0-0 9. Be3 Nd4 10. Qd2 exf4 11. Bxf4 Bg4 12. Rf2 Nec6 13. Raf1 Bxf3 14. Bxf3 Ne5 15. Bd1 f5 16. Bh6 Qd7 17. Nd5 Ng4 18. Bxg4 fxg4 19. Rxf8+ Rxf8 20. Rxf8+ Kxf8 21. Qf4+ Kg8 22. Nf6+ Bxf6 23. Qxf6 Ne6 24. c3 Qf7 25. Qxf7+ Kxf7 26. Be3 b6 27. Kf2 Nc7 28. Bf4 Ke6 29. Ke3 Ne8 30. d4 Nf6 31. d5+ Kd7 32. c4 a6 33. e5 dxe5 34. Bxe5 Ng8 35. Kf4 Nh6 36. b3 b5 37. Bg7 Nf5 38. Bf8 bxc4 39. bxc4 Nd4 40. Bxc5 Nf3 41. Kxg4 Nd2 42. h4 Nxc4 43. Kg5 Nd2 44. Kh6 Ne4 45. Bb4 Nxg3 46. Kxh7 Nf5 47. Be1 Kd6 48. Kxg6 Nxh4+ 49. Bxh4 Kxd5 1/2-1/2

[Event "Internet Section 15-A"]
[Site "Dos Hermanas"]
[Date "2003.03.15"]
[Round "8"]
[White "Ivanisevic, Ivan"]
[Black "Ciruk, Jerzy"]
[Result "1-0"]
[WhiteElo "2555"]
[BlackElo "2240"]
[PlyCount "141"]
[EventDate "2003.03.15"]
[EventType "swiss (blitz)"]
[EventRounds "9"]
[EventCountry "ESP"]
[SourceTitle "EXT 2004"]
[Source "ChessBase"]
[SourceDate "2003.11.25"]
[SourceVersion "1"]
[SourceVersionDate "2003.11.25"]
[SourceQuality "1"]

1. d4 Nf6 2. c4 g6 3. Nc3 Bg7 4. e4 0-0 5. Bg5 d6 6. h3 c6 7. Nf3 Qc7 8. Bd3 Nbd7 9. 0-0 a6 10. Re1 e5 11. Qd2 Re8 12. Rad1 b5 13. b4 exd4 14. Nxd4 Ne5 15. Bh6 bxc4 16. Bxg7 Kxg7 17. Bc2 c5 18. bxc5 dxc5 19. Nf5+ Bxf5 20. exf5 Rad8 21. Qg5 h6 22. Qg3 Rxd1 23. Rxd1 Qb8 24. fxg6 fxg6 25. Rb1 Qd8 26. Qe3 Qd4 27. Rb7+ Ned7 28. Qg3 g5 29. Qf3 Re1+ 30. Kh2 Qf4+ 31. Qxf4 gxf4 32. Nd5 Nxd5 33. Rxd7+ Ne7 34. Rc7 Re2 35. Bd1 Re1 36. Ba4 Re5 37. g3 fxg3+ 38. Kxg3 c3 39. Kf4 Re1 40. Rxc5 Ng6+ 41. Kf3 Kf6 42. Rxc3 Nh4+ 43. Kg3 Nf5+ 44. Kf4 Nd4 45. Rd3 Ne6+ 46. Kf3 Nc5 47. Rd4 Ke5 48. Rh4 Rc1 49. Be8 Rc3+ 50. Kg2 Rc2 51. Rh5+ Kd4 52. Bf7 Nd3 53. Rf5 Ne1+ 54. Kg3 Rc3+ 55. Kg4 Nd3 56. Bb3 Rc6 57. Rf8 Ke4 58. Re8+ Ne5+ 59. Kh5 Rf6 60. h4 Kf4 61. Re6 Rf5+ 62. Kxh6 Ng4+ 63. Kg7 Nxf2 64. Kg6 Ng4 65. Re4+ Kxe4 66. Bc2+ Kf4 67. Bxf5 a5 68. h5 Ne3 69. h6 Nxf5 70. h7 Ne7+ 71. Kf7 1-0

[Event "Internet Section 14-A"]
[Site "Dos Hermanas"]
[Date "2003.03.14"]
[Round "6"]
[White "Tratar, Marko"]
[Black "Ciruk, Jerzy"]
[Result "1/2-1/2"]
[WhiteElo "2451"]
[BlackElo "2240"]
[PlyCount "126"]
[EventDate "2003.03.14"]
[EventType "swiss (blitz)"]
[EventRounds "9"]
[EventCountry "ESP"]
[SourceTitle "EXT 2004"]
[Source "ChessBase"]
[SourceDate "2003.11.25"]
[SourceVersion "1"]
[SourceVersionDate "2003.11.25"]
[SourceQuality "1"]

1. Nf3 Nf6 2. c4 g6 3. Nc3 Bg7 4. e4 d6 5. d4 0-0 6. Be2 e5 7. 0-0 Nc6 8. d5 Ne7 9. Nd2 Ne8 10. b4 h6 11. c5 f5 12. f3 f4 13. Nc4 g5 14. Ba3 Rf6 15. b5 b6 16. cxb6 cxb6 17. Bb4 Bd7 18. a4 Rb8 19. a5 Nc8 20. axb6 axb6 21. g4 fxg3 22. hxg3 h5 23. Ne3 Bh6 24. g4 hxg4 25. fxg4 Rf4 26. Ng2 Bg7 27. Bf3 Qf6 28. Qd3 Qh6 29. Nxf4 gxf4 30. Qe2 Nf6 31. Ra2 Qg6 32. Rf2 Nh7 33. Rg2 Ng5 34. Kf1 Bf6 35. Ke1 Kf7 36. Kd2 Bg7 37. Kc2 Rb7 38. Ra8 Rc7 39. Kb3 Na7 40. Rb8 Nxf3 41. Qxf3 Nxb5 42. Nxb5 Bxb5 43. Rxb6 Bc4+ 44. Kb2 Bf8 45. Rh2 Be7 46. Rh8 Bxd5 47. g5 Bxe4 48. Qb3+ Qe6 49. Qxe6+ Kxe6 50. Bxd6 Bxd6 51. Rh6+ Kf5 52. Rbxd6 Kxg5 53. Rhe6 Rc5 54. Re8 Kg4 55. Rg8+ Kf3 56. Rg5 Ke2 57. Re6 f3 58. Rgxe5 Rxe5 59. Rxe5 f2 60. Rxe4+ Kf3 61. Re8 f1Q 62. Rf8+ Ke2 63. Rxf1 Kxf1 1/2-1/2

[Event "POL-chT 58th"]
[Site "Lubniewice"]
[Date "2002.08.31"]
[Round "1"]
[White "Stoma, Pawel"]
[Black "Ciruk, Jerzy"]
[Result "1-0"]
[WhiteElo "2265"]
[BlackElo "2243"]
[PlyCount "93"]
[EventDate "2002.08.31"]
[EventType "team-tourn"]
[EventRounds "9"]
[EventCountry "POL"]
[SourceTitle "EXT 2019"]
[Source "ChessBase"]
[SourceDate "2018.10.10"]
[SourceVersion "1"]
[SourceVersionDate "2018.10.10"]
[SourceQuality "1"]
[WhiteTeam "Lublin UMCS"]
[BlackTeam "Suwalki Hancza"]
[WhiteTeamCountry "POL"]
[BlackTeamCountry "POL"]

1. e4 e5 2. Nf3 Nc6 3. c3 Nf6 4. d4 Nxe4 5. d5 Nb8 6. Qe2 Nf6 7. Qxe5+ Qe7 8. c4 d6 9. Qxe7+ Bxe7 10. Bd3 0-0 11. 0-0 Na6 12. Nc3 Bd7 13. a3 Nc5 14. Bc2 a5 15. Re1 Rfe8 16. Be3 Ng4 17. Bd4 Bf6 18. Bxf6 Nxf6 19. b4 axb4 20. axb4 Rxa1 21. Rxa1 Na6 22. Rb1 Bg4 23. Nd2 Bd7 24. h3 h6 25. Kf1 g5 26. Nde4 Nxe4 27. Nxe4 Kg7 28. Ng3 Re5 29. Nh5+ Kf8 30. Nf6 Bf5 31. Rb2 Kg7 32. Bxf5 Rxf5 33. Ng4 Rf4 34. Ne3 b5 35. g3 Re4 36. cxb5 Rxb4 37. Rxb4 Nxb4 38. Ke2 Kf6 39. f4 gxf4 40. gxf4 Kg6 41. Kd2 Kh5 42. Kc3 Na2+ 43. Kc4 Nc1 44. Nf5 Ne2 45. Ng7+ Kh4 46. Ne8 f5 47. Nxc7 1-0

[Event "POL-chT 57th"]
[Site "Glogow"]
[Date "2001.09.13"]
[Round "6"]
[White "Schmidt, Wlodzimierz"]
[Black "Ciruk, Jerzy"]
[Result "1/2-1/2"]
[WhiteElo "2438"]
[BlackElo "2245"]
[PlyCount "33"]
[EventDate "2001.09.08"]
[EventType "team-tourn"]
[EventRounds "9"]
[EventCountry "POL"]
[SourceTitle "EXT 2019"]
[Source "ChessBase"]
[SourceDate "2018.10.10"]
[SourceVersion "1"]
[SourceVersionDate "2018.10.10"]
[SourceQuality "1"]
[WhiteTeam "Poznan Pocztowiec"]
[BlackTeam "Suwalki Hancza"]
[WhiteTeamCountry "POL"]
[BlackTeamCountry "POL"]

1. Nf3 g6 2. c4 Bg7 3. d4 Nf6 4. Nc3 0-0 5. e4 d6 6. Be2 e5 7. 0-0 Nc6 8. d5 Ne7 9. Ne1 Ne8 10. Be3 f5 11. f3 f4 12. Bf2 g5 13. c5 Rf6 14. a4 Rg6 15. cxd6 Nxd6 16. Nb5 c6 17. Nxd6 1/2-1/2

[Event "Kazimierz Dolny op"]
[Site "Kazimierz Dolny"]
[Date "2001.03.11"]
[Round "2"]
[White "Shishkin, Vadim"]
[Black "Ciruk, Jerzy"]
[Result "1-0"]
[WhiteElo "2485"]
[BlackElo "2254"]
[PlyCount "61"]
[EventDate "2001.03.10"]
[EventType "swiss"]
[EventRounds "9"]
[EventCountry "POL"]
[SourceTitle "CBM 081 Extra"]
[Source "ChessBase"]
[SourceDate "2001.05.06"]
[SourceVersion "1"]
[SourceVersionDate "2001.05.06"]
[SourceQuality "1"]

1. d4 g6 2. c4 Bg7 3. Nc3 d6 4. e4 Nd7 5. Nf3 e6 6. Be2 Ne7 7. Be3 b6 8. Qd2 h6 9. h3 Bb7 10. g4 a6 11. 0-0-0 d5 12. Qc2 dxc4 13. Bxc4 b5 14. Bb3 0-0 15. d5 exd5 16. exd5 Nb6 17. Bc5 Nbc8 18. Rhe1 Nd6 19. Ne5 Nec8 20. f4 Nb6 21. Ne4 Re8 22. Nc6 Bxc6 23. dxc6 Nbc4 24. Bxc4 bxc4 25. Nxd6 Rxe1 26. Rxe1 cxd6 27. Ba3 d5 28. Re7 Rc8 29. Qe2 Bf8 30. c7 Rxc7 31. Re8 1-0

[Event "POL-chT 56th"]
[Site "Zakopane"]
[Date "2000.09.13"]
[Round "11"]
[White "Stempin, Pawel"]
[Black "Ciruk, Jerzy"]
[Result "0-1"]
[WhiteElo "2413"]
[BlackElo "2261"]
[PlyCount "78"]
[EventDate "2000.09.02"]
[EventType "team-tourn"]
[EventRounds "11"]
[EventCountry "POL"]
[SourceTitle "EXT 2019"]
[Source "ChessBase"]
[SourceDate "2018.10.10"]
[SourceVersion "1"]
[SourceVersionDate "2018.10.10"]
[SourceQuality "1"]
[WhiteTeam "Poznan Pocztowiec"]
[BlackTeam "Suwalki Hancza"]
[WhiteTeamCountry "POL"]
[BlackTeamCountry "POL"]

1. d4 Nf6 2. Nf3 g6 3. c4 Bg7 4. g3 0-0 5. Bg2 d6 6. Nc3 Nc6 7. 0-0 a6 8. b3 Bd7 9. Bb2 Rb8 10. Nd5 Nh5 11. e4 b5 12. cxb5 axb5 13. e5 e6 14. Ne3 Ne7 15. Nd2 f6 16. f4 fxe5 17. dxe5 Nc6 18. Ng4 d5 19. Nf3 Qe7 20. Rc1 Rfc8 21. Qd2 b4 22. Nf2 Bh6 23. Nd3 Bf8 24. Rf2 Rb5 25. g4 Ng7 26. f5 gxf5 27. Rxc6 Bxc6 28. Nd4 Be8 29. gxf5 Nxf5 30. Rxf5 exf5 31. Nxf5 Qf7 32. Bh3 Qg6+ 33. Kh1 Rd8 34. Nf4 Qg5 35. Nd4 Rb6 36. Nde6 Rxe6 37. Bxe6+ Kh8 38. Bxd5 c6 39. e6+ Bg7 0-1

[Event "POL-chT 56th"]
[Site "Zakopane"]
[Date "2000.09.06"]
[Round "5"]
[White "Socko, Bartosz"]
[Black "Ciruk, Jerzy"]
[Result "1-0"]
[WhiteElo "2528"]
[BlackElo "2261"]
[PlyCount "43"]
[EventDate "2000.09.02"]
[EventType "team-tourn"]
[EventRounds "11"]
[EventCountry "POL"]
[SourceTitle "EXT 2019"]
[Source "ChessBase"]
[SourceDate "2018.10.10"]
[SourceVersion "1"]
[SourceVersionDate "2018.10.10"]
[SourceQuality "1"]
[WhiteTeam "Warszawa Polonia"]
[BlackTeam "Suwalki Hancza"]
[WhiteTeamCountry "POL"]
[BlackTeamCountry "POL"]

1. d4 c5 2. e3 Nf6 3. Nf3 g6 4. Be2 Bg7 5. 0-0 Qc7 6. c4 0-0 7. Nc3 d6 8. b3 Bg4 9. Bb2 Nbd7 10. h3 Bxf3 11. Bxf3 a6 12. Qd2 Rab8 13. a4 a5 14. g4 h6 15. Bg2 e5 16. Rad1 exd4 17. exd4 g5 18. Nb5 Qb6 19. Bc3 Ra8 20. dxc5 dxc5 21. Qb2 Qd8 22. Bxb7 1-0

[Event "POL-chT 56th"]
[Site "Zakopane"]
[Date "2000.09.05"]
[Round "4"]
[White "Ciruk, Jerzy"]
[Black "Rydzik, Karol"]
[Result "1-0"]
[WhiteElo "2261"]
[BlackElo "2077"]
[PlyCount "61"]
[EventDate "2000.09.02"]
[EventType "team-tourn"]
[EventRounds "11"]
[EventCountry "POL"]
[SourceTitle "EXT 2019"]
[Source "ChessBase"]
[SourceDate "2018.10.10"]
[SourceVersion "1"]
[SourceVersionDate "2018.10.10"]
[SourceQuality "1"]
[WhiteTeam "Suwalki Hancza"]
[BlackTeam "Glogow MOK Chrobry"]
[WhiteTeamCountry "POL"]
[BlackTeamCountry "POL"]

1. e4 c5 2. Nc3 Nc6 3. g3 g6 4. Bg2 Bg7 5. d3 e6 6. f4 d6 7. Nf3 Nge7 8. 0-0 0-0 9. Be3 Nd4 10. e5 Nef5 11. Bf2 d5 12. Qd2 Bd7 13. Ne2 Nxe2+ 14. Qxe2 Qc7 15. c3 Rfc8 16. g4 Ne7 17. Bh4 Bf8 18. Bf6 b5 19. h4 c4 20. d4 Rab8 21. a3 a5 22. h5 b4 23. axb4 axb4 24. Qe1 bxc3 25. bxc3 gxh5 26. gxh5 h6 27. Nh4 Rb2 28. Qg3+ Kh7 29. Kh1 Rcb8 30. Rg1 Rc2 31. Bxe7 1-0

[Event "Polanica Zdroj op-A"]
[Site "Polanica Zdroj"]
[Date "2000.??.??"]
[Round "8"]
[White "Gorin, Leonid"]
[Black "Ciruk, Jerzy"]
[Result "1-0"]
[WhiteElo "2413"]
[BlackElo "2261"]
[PlyCount "49"]
[EventDate "2000.08.17"]
[EventType "swiss"]
[EventRounds "10"]
[EventCountry "POL"]
[SourceTitle "EXT 2001"]
[Source "ChessBase"]
[SourceDate "2000.11.22"]
[SourceVersion "1"]
[SourceVersionDate "2000.11.22"]
[SourceQuality "1"]

1. e4 c5 2. Nf3 e6 3. d4 cxd4 4. Nxd4 a6 5. Bd3 Bc5 6. Nb3 Be7 7. 0-0 d6 8. c4 Nf6 9. Nc3 Nbd7 10. Re1 Qc7 11. Bf4 e5 12. Bg3 0-0 13. Bf1 Re8 14. f3 Bf8 15. Rc1 Qb8 16. Be2 b6 17. Nd2 Ra7 18. a3 Bb7 19. b4 Ba8 20. Nd5 Bc6 21. Qb3 Rb7 22. Qa2 g6 23. b5 axb5 24. Nb4 Rc7 25. Na6 1-0

[Event "POL-chT 55th"]
[Site "Suwalki"]
[Date "1999.09.22"]
[Round "5"]
[White "Ciruk, Jerzy"]
[Black "Jasnikowski, Zbigniew"]
[Result "0-1"]
[WhiteElo "2245"]
[BlackElo "2407"]
[PlyCount "90"]
[EventDate "1999.09.18"]
[EventType "team-tourn"]
[EventRounds "11"]
[EventCountry "POL"]
[SourceTitle "EXT 2019"]
[Source "ChessBase"]
[SourceDate "2018.10.10"]
[SourceVersion "1"]
[SourceVersionDate "2018.10.10"]
[SourceQuality "1"]
[WhiteTeam "Suwalki Hancza"]
[BlackTeam "Wroclaw Hetman"]
[WhiteTeamCountry "POL"]
[BlackTeamCountry "POL"]

1. e4 c5 2. Nc3 Nc6 3. g3 g6 4. Bg2 Bg7 5. d3 d6 6. f4 e6 7. Nf3 Nge7 8. 0-0 0-0 9. Be3 Nd4 10. e5 Nef5 11. Bf2 Nxf3+ 12. Qxf3 Nd4 13. Qd1 dxe5 14. fxe5 Bxe5 15. Ne4 Nc6 16. c3 b6 17. Nxc5 bxc5 18. Bxc6 Rb8 19. Bxc5 Qc7 20. Qf3 Bd7 21. Bxd7 Qxc5+ 22. Qf2 Qd5 23. Ba4 Qxd3 24. Bb3 Qc4 25. Rad1 Qc7 26. Rd2 Rbd8 27. Rfd1 Rxd2 28. Rxd2 a5 29. Qf3 a4 30. Bd1 a3 31. bxa3 Bxc3 32. Rd3 Be5 33. Kg2 h5 34. Bb3 Kg7 35. a4 h4 36. gxh4 Rh8 37. Qg4 Bf6 38. Rh3 Rd8 39. Rf3 Rd2+ 40. Rf2 Rxf2+ 41. Kxf2 Qxh2+ 42. Ke3 Bxh4 43. a5 Qe5+ 44. Kd3 Be1 45. a6 Qc3+ 0-1

[Event "POL-chT 55th"]
[Site "Suwalki"]
[Date "1999.09.21"]
[Round "4"]
[White "Weglarz, Leszek"]
[Black "Ciruk, Jerzy"]
[Result "0-1"]
[WhiteElo "2400"]
[BlackElo "2245"]
[PlyCount "76"]
[EventDate "1999.09.18"]
[EventType "team-tourn"]
[EventRounds "11"]
[EventCountry "POL"]
[SourceTitle "EXT 2019"]
[Source "ChessBase"]
[SourceDate "2018.10.10"]
[SourceVersion "1"]
[SourceVersionDate "2018.10.10"]
[SourceQuality "1"]
[WhiteTeam "Poznan Pocztowiec"]
[BlackTeam "Suwalki Hancza"]
[WhiteTeamCountry "POL"]
[BlackTeamCountry "POL"]

1. e4 e5 2. d4 exd4 3. Qxd4 Nc6 4. Qe3 Nf6 5. Nc3 Bb4 6. Bd2 0-0 7. 0-0-0 Re8 8. Qg3 Rxe4 9. a3 Bd6 10. f4 Re8 11. Bd3 Bf8 12. Nf3 d6 13. Rde1 Rxe1+ 14. Rxe1 Bd7 15. f5 Ne5 16. Nxe5 dxe5 17. Qh3 Bc6 18. g4 Nd5 19. f6 g6 20. g5 Nf4 21. Bxf4 exf4 22. Bc4 Qd7 23. Qh4 h5 24. gxh6 Kh7 25. Kb1 Bd6 26. Bd3 Re8 27. Rg1 Qe6 28. Qg5 Rg8 29. h4 Be5 30. h5 Qxf6 31. Qxf6 Bxf6 32. Ne2 f3 33. Nf4 f2 34. Rf1 Bh4 35. b4 Kxh6 36. b5 Bf3 37. hxg6 fxg6 38. Bc4 Re8 0-1

[Event "Polanica Zdroj op"]
[Site "Polanica Zdroj"]
[Date "1999.08.22"]
[Round "6"]
[White "Ciruk, Jerzy"]
[Black "Cmilyte, Viktorija"]
[Result "1-0"]
[WhiteElo "2245"]
[BlackElo "2354"]
[PlyCount "91"]
[EventDate "1999.08.17"]
[EventType "swiss"]
[EventRounds "10"]
[EventCountry "POL"]
[SourceTitle "EXT 2000"]
[Source "ChessBase"]
[SourceDate "1999.11.16"]
[SourceVersion "1"]
[SourceVersionDate "1999.11.16"]
[SourceQuality "1"]

1. e4 c5 2. Nc3 e6 3. g3 d5 4. exd5 exd5 5. Bg2 Nf6 6. d3 Be7 7. Nf3 Nc6 8. 0-0 0-0 9. Ne2 h6 10. Re1 Bd6 11. Bf4 d4 12. a3 Nd5 13. Bd2 Be6 14. c3 Qb6 15. c4 Nde7 16. b4 Ng6 17. Rb1 Qc7 18. bxc5 Bxc5 19. Nf4 Bg4 20. h3 Bf5 21. Nxg6 fxg6 22. Bb4 Bxb4 23. axb4 Rae8 24. Rxe8 Rxe8 25. b5 Ne5 26. Nxd4 Bxd3 27. Bd5+ Kh8 28. Ra1 Qd7 29. Nf3 Bf5 30. g4 Nxg4 31. hxg4 Bxg4 32. Qd3 Bf5 33. Qc3 b6 34. Re1 Rf8 35. Ne5 Qc7 36. Qg3 Kh7 37. Nc6 Qxg3+ 38. fxg3 Bd3 39. Ne5 Bf5 40. Rf1 Re8 41. Re1 Re7 42. Kf2 g5 43. Nc6 Rc7 44. Re7 Rxe7 45. Nxe7 Bd3 46. Nc6 1-0

[Event "Polanica Zdroj op"]
[Site "Polanica Zdroj"]
[Date "1999.08.17"]
[Round "1"]
[White "Filippov, Valerij"]
[Black "Ciruk, Jerzy"]
[Result "1-0"]
[WhiteElo "2605"]
[BlackElo "2245"]
[PlyCount "151"]
[EventDate "1999.08.17"]
[EventType "swiss"]
[EventRounds "10"]
[EventCountry "POL"]
[SourceTitle "EXT 2000"]
[Source "ChessBase"]
[SourceDate "1999.11.16"]
[SourceVersion "1"]
[SourceVersionDate "1999.11.16"]
[SourceQuality "1"]

1. Nf3 c5 2. c4 Nf6 3. Nc3 Nc6 4. g3 g6 5. Bg2 Bg7 6. d4 cxd4 7. Nxd4 Qb6 8. Nb3 d6 9. 0-0 0-0 10. Be3 Qd8 11. c5 Ne8 12. Rc1 Be6 13. Nd4 Bd7 14. cxd6 Nxd6 15. Nxc6 Bxc6 16. Bxc6 bxc6 17. Qa4 Nb5 18. Rfd1 Qb8 19. Ne4 Bxb2 20. Rxc6 Qb7 21. Rc2 Ba3 22. Bc5 Rfc8 23. Rb1 a6 24. Bxa3 Rxc2 25. Qxc2 Nxa3 26. Rxb7 Nxc2 27. Rxe7 h6 28. Nd6 f5 29. Nf7 Kg7 30. Rb7 a5 31. f4 a4 32. Ne5+ Kf6 33. Rb6+ Ke7 34. Nxg6+ Ke8 35. Ne5 a3 36. Rxh6 Ra4 37. Rc6 Nd4 38. Rc8+ Ke7 39. e3 Nb5 40. h4 Nd6 41. Rc3 Ne4 42. Rc4 Ra8 43. g4 Ke6 44. g5 Rb8 45. Rc2 Rb1+ 46. Kh2 Rb2 47. Rg2 Nd2 48. g6 Nf1+ 49. Kh3 Nxe3 50. Rxb2 axb2 51. g7 b1Q 52. g8Q+ Kd6 53. Qd8+ Kc5 54. Qc7+ Kd5 55. Qa5+ Ke6 56. Qa6+ Kd5 57. Qa8+ Kd4 58. Qa7+ Ke4 59. Qa4+ Kd5 60. Qb3+ Qxb3 61. axb3 Ke6 62. h5 Nd5 63. Kg3 Kf6 64. Nd3 Kg7 65. b4 Kh6 66. Kh4 Nf6 67. b5 Nd5 68. Ne5 Nb6 69. Nf7+ Kg7 70. Nd6 Kf6 71. h6 Kg6 72. Nxf5 Nd5 73. Kg3 Kh7 74. Kf3 Kg6 75. Ne3 Nb6 76. Ng4 1-0

[Event "POL-chT 53rd"]
[Site "Krynica"]
[Date "1997.09.28"]
[Round "4"]
[White "Weglarz, Leszek"]
[Black "Ciruk, Jerzy"]
[Result "0-1"]
[WhiteElo "2390"]
[BlackElo "2260"]
[PlyCount "56"]
[EventDate "1997.09.25"]
[EventType "team-tourn"]
[EventRounds "11"]
[EventCountry "POL"]
[SourceTitle "EXT 2019"]
[Source "ChessBase"]
[SourceDate "2018.10.10"]
[SourceVersion "1"]
[SourceVersionDate "2018.10.10"]
[SourceQuality "1"]
[WhiteTeam "Poznan Pocztowiec"]
[BlackTeam "Suwalki Hancza"]
[WhiteTeamCountry "POL"]
[BlackTeamCountry "POL"]

1. e4 e5 2. d4 exd4 3. Qxd4 Nc6 4. Qe3 Nf6 5. Nc3 Bb4 6. Bd2 0-0 7. 0-0-0 Re8 8. Qg3 d6 9. f3 Qe7 10. Nge2 Ne5 11. Nf4 c6 12. h4 h5 13. Nd3 a5 14. Nxe5 dxe5 15. Bh6 g6 16. Na4 b5 17. Nb6 Rb8 18. Nxc8 Rbxc8 19. Qh3 a4 20. Bg5 a3 21. b3 Qc5 22. Kb1 Qc3 23. Bc1 Rcd8 24. Be2 Bc5 25. Qh2 b4 26. Bc4 Be3 27. Qg3 Kg7 28. Qe1 Rxd1 0-1

[Event "POL-chT 52nd"]
[Site "Augustow"]
[Date "1996.12.06"]
[Round "10"]
[White "Ciruk, Jerzy"]
[Black "Mazalon, Mariusz"]
[Result "1-0"]
[WhiteElo "2265"]
[BlackElo "2225"]
[PlyCount "45"]
[EventDate "1996.11.27"]
[EventType "team-tourn"]
[EventRounds "11"]
[EventCountry "POL"]
[SourceTitle "EXT 2019"]
[Source "ChessBase"]
[SourceDate "2018.10.10"]
[SourceVersion "1"]
[SourceVersionDate "2018.10.10"]
[SourceQuality "1"]
[WhiteTeam "Suwalki Hancza"]
[BlackTeam "Bydgoszcz Chemik"]
[WhiteTeamCountry "POL"]
[BlackTeamCountry "POL"]

1. e4 c5 2. Nc3 Nc6 3. g3 g6 4. Bg2 Bg7 5. d3 d6 6. f4 e6 7. Be3 Nge7 8. Nf3 Nd4 9. 0-0 0-0 10. e5 Nef5 11. Bf2 Nxf3+ 12. Qxf3 Nd4 13. Qd1 dxe5 14. fxe5 Rb8 15. Ne4 b6 16. c3 Nf5 17. Nf6+ Bxf6 18. exf6 Qxf6 19. g4 Qg5 20. gxf5 Bb7 21. Bg3 exf5 22. Qc1 Qxc1 23. Rfxc1 1-0